| 000 | 00834nam a2200289 4500 | ||
|---|---|---|---|
| 005 | 20240423153102.0 | ||
| 008 | 160120b xxu||||| |||| 00| 0 spa d | ||
| 020 | _a9968994677 | ||
| 041 | _aESP | ||
| 082 | _a711.1 A 663b | ||
| 100 |
_aAravena, Javiera _91754 |
||
| 100 |
_aLetelier Bellalta, Luz Alexandra _91755 |
||
| 100 |
_aUrgarte Espinoza, Jimena _91756 |
||
| 245 | _aLa biodiversidad en el diseño del paisaje, caso de estudio en el trópico : Hacienda Navarro | ||
| 260 | _aCosta Rica | ||
| 260 | _bInstituto de Arquitectura Tropical (IAT) | ||
| 260 | _c2003 | ||
| 300 | _a200 páginas | ||
| 650 | _aCOSTA RICA | ||
| 650 | _aARQUITECTURA TROPICAL | ||
| 650 | _aPAISAJISMO | ||
| 650 | _aBIODIVERSIDAD | ||
| 650 | _aPLANIMETRIA INVENTARIO | ||
| 650 | _aHACIENDA NAVARRO | ||
| 942 |
_cBK _2ddc |
||
| 999 |
_c7447 _d7447 |
||